000 00263nam a2200097Ia 4500
001 1250591
005 20251031150859.0
008 251031s9999 xx 000 0 und d
245 0 _cHAYATİ İNANÇ
_aB-5 CAN VEREN PERVANELER
260 _bBABIALİ KÜLTÜR YAYINLARI
999 _c1250591
_d1250591